000 02094nam a2200373 c 4500
003 BLK
005 20180422115401.0
008 180411b bul|||||r ||||||| ||bul||
010 _aKNG00193942000
040 _aBLK
041 _aBUL
_cBUL
080 _aПомощни науки на наказателното право. Криминология. Криминалистика - Видове престъпници, анатомия, физиология на престъпниците
_b343.9
_x
_z343.9
080 _aОбща генетика. Обща цитогенетика. Имуногенетика. Учение за еволюцията. Видообразуване. Филогенез
_b575
_x
_z575
100 1 _aДубинин, Николай Петрович
_eпърви автор
_9378167
700 1 _aКарпец, И. И.
_eсъавт.
_977244
700 1 _aКудрявцев, Владимир Николаевич
_eсъавт.
_9384210
700 1 _aСвещаров, Господин В.
_eпрев. от рус.
_9369529
139 _aДубинин, Николай П. и др.
_bД 92
245 1 0 _aГенетика, поведение, отговорност
_bЗа природата на антиобщ. постъпки и пътищата за предпазване от тях : Изследване
_cНиколай Петрович Дубинин; съавт. И. И. Карпец; съавт. Владимир Николаевич Кудрявцев; прев. от рус. Господин В. Свещаров.
257 _aSUN
260 София
_bПартиздат
_c1984
300 _a269 с.
_bс табл.
_c20 см
380 _a3
490 1 _aХоризонти - светът, науката, ние
500 _a2 610 тир.
650 4 _aПрестъпност - социологични проблеми
_9290686
650 4 _aГенетика
_9151765
650 4 _aПоведение
_9166567
852 _aЦб 126491
856 4 _qpdf
_u
856 4 _qpdf
_u
942 _cKNG
_n0
944 _aCR
_c19.10.2016
_kПравда_Бадева
944 _aED
_c19.10.2016
_kПравда_Бадева
999 _c184965
_d184965